Statistics for Country by Leader

Click here to take the quiz!

General Stats

  • This quiz has been taken 56 times
  • The average score is 11 of 15

Answer Stats

Answer% Correct
North Korea
100%
Russia
100%
United States
100%
Saudi Arabia
98%
France
96%
China
92%
South Korea
82%
South Africa
75%
Turkey
75%
Brazil
61%
Nigeria
55%
Mexico
47%
Egypt
45%
Pakistan
39%
Cuba
24%

Score Distribution

Percentile by Number Answered

Percent of People with Each Score

Your Score History

You have not taken this quiz